Legislación concordada y al día de jornada máxima legal, descanso dominical y fiestas / (Record no. 90308)

MARC details
000 -LEADER
campo de control de longitud fija 00502nam a2200157 i 4500
001 - NÚMERO DE CONTROL
campo de control 90308
003 - IDENTIFICADOR DE NÚMERO DE CONTROL
campo de control ES-MaACL
005 - FECHA Y HORA DE LA ÚLTIMA TRANSACCIÓN
campo de control 20230906180416.0
007 - CAMPO FIJO DE DESCRIPCIÓN FÍSICA--INFORMACIÓN GENERAL
campo de control de longitud fija t|
008 - DATOS DE LONGITUD FIJA--INFORMACIÓN GENERAL
campo de control de longitud fija 050119s1959 sp ||||1| spa d
245 00 - MENCIÓN DEL TÍTULO
Título Legislación concordada y al día de jornada máxima legal, descanso dominical y fiestas /
Mención de responsabilidad, etc. Amado Fernández Heras.
260 ## - PUBLICACIÓN, DISTRIBUCIÓN, ETC.
Lugar de publicación, distribución, etc. [Zaragoza :
Nombre del editor, distribuidor, etc. La Editorial,
Fecha de publicación, distribución, etc. 1959]
300 ## - DESCRIPCIÓN FÍSICA
Extensión 83 p. ;
Dimensiones 17 cm.
700 1# - ENTRADA AGREGADA--NOMBRE PERSONAL
Nombre de persona Fernández Heras, Amado.
9 (RLIN) 49843
852 ## - LOCALIZACIÓN
Ubicación ES-MaACL
Número de control de estantería 2003-F-2
Sublocalización o colección R.44260
Holdings
Estatus retirado Estado de pérdida Estado de daño No para préstamo Colección Biblioteca de origen Biblioteca actual Ubicación en estantería Fecha de adquisición Fuente de adquisición Total de préstamos Signatura topográfica completa Código de barras Visto por última vez Precio de reemplazo Tipo de ítem Koha
        Colección de folletos Biblioteca del Ateneo de Madrid Biblioteca del Ateneo de Madrid Depósito folletos 17/01/2008     2003-F-2 1094303 23/02/2023 23/02/2023 Folleto